| 000 | 00683cam a2200157ua 4500 | ||
|---|---|---|---|
| 041 |
_aeng _h |
||
| 082 |
_a621.798 _bIND/SP |
||
| 110 | 1 |
_aIndian standards Institution . _b _c() |
|
| 245 | 0 | 0 |
_aSpecification For packages For use of Libraries / _cIndian Standards Institution. _hTextual Documents |
| 250 |
_a1 / _b. |
||
| 260 |
_aNew Delhi : _bIndiand Standards Institution , _c1978. |
||
| 300 | _a7 ; . | ||
| 504 | _a | ||
| 942 | _cBK | ||
| 999 |
_c3059 _d3059 |
||